000 00873nam a2200277 i 4500
003 DO-SdBNP
005 20260413105535.0
007 ta
008 260413b2025 dr a|||| |||| 00| 0 spa d
020 _a9789945296617
040 _aDO-SdBNP
_bspa
_cBNPHU
_erda
041 _aspa
082 4 _axxx
_bxxx
_222
245 0 0 _aReflexiones del comandante Fidel Castro Ruz /
_ccompilador, Livio Mariano Cedeño
250 _atercera edición
264 1 _aSanto Domingo :
_bCentro Copiado la Escalera,
_c2025.
300 _avolumenes :
_bilustraciones ;
_c29 cm.
336 _atexto
_btxt
_2rdacontent
337 _asin mediación
_bn
_2rdamedia
338 _avolumen
_bnc
_2rdacarrier
500 _aLa biblioteca posee el volumen 6
590 _aInventariado, 2026/BT
700 1 _aCedeño, Livio Mariano,
_ecompilador
_4comp.
_981112
910 _aBtavárez
942 _2ddc
_cLBS1
999 _c60540
_d60540